[Event "EIWCC 2017"]
[Site "Riga"]
[Date "2017.04.15"]
[Round "5"]
[White "Nechaeva, Marina"]
[Black "Girya, Olga"]
[Result "1-0"]
[WhiteElo "2395"]
[BlackElo "2470"]
[Annotator "TA"]
[PlyCount "171"]
[EventDate "2017.??.??"]
[EventType "swiss"]
[EventCountry "LAT"]
[SourceTitle "playchess.com"]
[Source "ChessBase"]
[SourceQuality "1"]

{[%evp 9,171,25,35,21,21,19,16,20,23,21,16,15,10,-9,30,30,33,27,31,30,28,18,27,-2,8,10,88,89,103,93,118,108,116,79,80,77,80,72,90,90,90,90,98,98,97,95,93,91,91,91,91,89,102,83,120,93,116,128,127,135,152,135,134,141,163,142,151,133,148,149,194,168,351,358,713,537,534,515,701,685,1420,1421,1421,1421,1414,1408,1343,1336,4927,4814,1229,0,0,0,0,0,0,0,0,-8,-8,-14,-14,-14,-14,-14,-14,-15,-16,-16,-16,-16,0,0,0,-14,0,-14,-14,-14,-8,-8,-8,-8,0,0,0,-14,-14,-14,-14,-14,-14,-14,-14,-14,-14,-14,-14,-14,-14,-14,-14,-14,-14,-14,-14,-14,-14,-14,-14,-14,-14,-14,-14,-14,-14,-14,0,0,0,0,0,0]} 1. d4 d5 2. c4 c6 3. Nf3 Nf6 4. e3 Bf5 5. Nc3 a6 6. Bd3 {D15: Slav Defence: 4 Nc3 a6 and gambit lines after 4 Nc3 dxc4} (6. Be2 $5 {is more complex.} h6 7. c5 e6 8. O-O Be7 9. b4) (6. Ne5 Nbd7 7. Qb3 Qc7 8. cxd5 Nxe5 9. dxe5 Nxd5 10. Nxd5 cxd5 11. Bd2 Qxe5 12. Bc3 Qc7 13. Qxd5 e6 {½-½ (33) So,W (2808)-Carlsen,M (2840) Wijk aan Zee 2017}) 6... Bxd3 7. Qxd3 e6 8. O-O Bb4 9. Bd2 {Strongly threatening Nxd5.} O-O 10. a3 Bxc3 11. bxc3 $146 (11. Bxc3 Ne4 12. Bb4 Re8 13. a4 a5 {0-1 (62) Laznicka,V (2676)-Bologan,V (2607) Poikovsky 2015}) 11... Qc7 12. c5 Nbd7 13. c4 e5 14. Nxe5 Nxe5 15. dxe5 Qxe5 16. cxd5 Nxd5 17. Rab1 Rad8 (17... Qe7 $11) 18. Rxb7 $16 Nf6 19. Qe2 Ne4 20. Bb4 Ra8 21. Rc1 a5 {[#]} 22. Be1 $1 Nxc5 23. Rb6 Qc7 24. Rbb1 Ne6 25. Qc4 Rfc8 26. a4 h6 27. h3 Qa7 28. Rb3 {[%cal Bb1b3,Bb3c3,Bc3c4][%mdl 32]} Rc7 29. Rcb1 Qc5 30. Qe4 Rd8 31. Rc3 Qd5 32. Qc2 f5 33. Rc4 f4 34. e4 ({But not} 34. exf4 $6 Rf7 $14) 34... Qg5 35. f3 Nd4 36. Qf2 Rcd7 37. h4 Qh5 38. Bc3 {[%cal Rc4d4]} c5 39. Bxa5 Ra8 40. Be1 Qf7 $2 (40... Kh7 {might work better.} 41. Qf1 Rd6) 41. Rxc5 $18 Rxa4 $2 (41... Rad8 42. a5 Qf8) 42. Rc8+ Kh7 {[#]} 43. Rbb8 $1 Qh5 44. Qb2 Ra6 45. Rh8+ Kg6 46. Rb6+ Rxb6 47. Qxb6+ Kf7 48. Qb8 {Qe8+ would kill now.} Kg6 49. Qe8+ Rf7 50. Rf8 $2 (50. Bf2 $18 Ne2+ 51. Kf1) 50... Nxf3+ $1 $11 {The position is equal.} 51. Kh1 ({Wrong is} 51. gxf3 $2 Qc5+ 52. Kf1 Qxf8 53. h5+ Kh7 $19) 51... Ne5 52. Qe6+ Kh7 53. Rxf7 Nxf7 54. Bf2 Ne5 55. Qd5 f3 56. gxf3 ({Of course not} 56. g3 Qe8 57. Kh2 h5 $17) 56... Qxf3+ 57. Kg1 Qg4+ 58. Kf1 Qh3+ 59. Ke2 Qf3+ 60. Kf1 Qf4 61. Ke2 h5 62. Kf1 Kh6 63. Ke2 {Hoping for Be3.} Qg4+ 64. Kf1 $1 Qh3+ 65. Ke2 $1 Qf3+ 66. Kf1 $132 {[%mdl 2048] White is fighting back (6)} Qh3+ 67. Ke2 $1 Qg4+ 68. Kf1 $1 Nf3 69. Qf5 {aiming for Be3+.} Nd2+ 70. Ke1 {Threatening mate with Be3+.} Qxe4+ 71. Qxe4 Nxe4 {[%mdl 4096] Endgame KB-KN} 72. Be3+ Kg6 {...Kf5 is the strong threat.} 73. Ke2 $1 Kf5 {White must now prevent ...Kg4.} 74. Kf3 Nd6 75. Bd4 g6 76. Bb2 Nc4 77. Bc3 (77. Bg7 $5 {feels hotter.} Nd2+ 78. Ke3 Nf1+ 79. Kf3 Nh2+ 80. Kg3) 77... Nb6 78. Bd4 Nd5 79. Bb2 $1 Nf4 80. Bd4 Nd3 81. Bc3 Ke6 82. Ke4 Nc5+ 83. Kf4 Kd5 84. Kg5 Ne4+ 85. Kxg6 Nxc3 86. Kxh5 {[%mdl 32768] Loss on time?} 1-0

[Event "EIWCC 2017"]
[Site "Riga"]
[Date "2017.04.15"]
[Round "5"]
[White "Tsolakidou, Stavroula"]
[Black "Buksa, Nataliya"]
[Result "1-0"]
[WhiteElo "2395"]
[BlackElo "2314"]
[Annotator "NA"]
[PlyCount "67"]
[EventDate "2017.??.??"]
[EventType "swiss"]
[EventCountry "LAT"]
[SourceTitle "playchess.com"]
[Source "ChessBase"]
[SourceQuality "1"]
[TimeControl "40/5400+30:1800+30"]

1. e4 {[%emt 0:00:00]} c5 {[%emt 0:00:15]} 2. Nf3 {[%emt 0:00:00]} Nc6 {[%emt 0:00:15]} 3. Bb5 {[%emt 0:02:15]} g6 {[%emt 0:00:06]} 4. O-O {[%emt 0:00:25]} Bg7 {[%emt 0:00:04]} 5. c3 {[%emt 0:00:12]} Nf6 {[%emt 0:06:57]} 6. Re1 {[%emt 0:01:04]} O-O {[%emt 0:00:19]} 7. h3 {[%emt 0:00:12]} d5 {[%emt 0:14:48]} 8. e5 {[%emt 0:00:58]} Ne8 {[%emt 0:00:03]} 9. d4 {[%emt 0:01:33]} c4 {[%emt 0:07:00]} 10. Ba4 {[%emt 0:28:31]} Nc7 {[%emt 0:00:20]} 11. Bc2 {[%emt 0:00:42]} f6 {[%emt 0:08:51]} 12. exf6 {[%emt 0:11:25]} exf6 {[%emt 0:00:04]} 13. Nbd2 {[%emt 0:01:43]} b5 {[%emt 0:07:59]} 14. Nf1 {[%emt 0:01:45]} Be6 {[%emt 0:08:50]} 15. Bf4 {[%emt 0:02:39]} Bf7 {[%emt 0:01:44]} 16. Qd2 {[%emt 0:04:34]} Qd7 {[%emt 0:06:05]} 17. Ng3 {[%emt 0:07:16]} Rfe8 {[%emt 0:01:42]} 18. h4 {[%emt 0:02:02]} h5 {[%emt 0:01:47]} 19. Nh2 {[%emt 0:11:22]} Rxe1+ {[%emt 0:05:21]} 20. Rxe1 {[%emt 0:00:05]} Re8 {[%emt 0:00:01]} 21. Rxe8+ {[%emt 0:02:35]} Nxe8 {[%emt 0:00:02]} 22. Bh6 {[%emt 0:01:20]} Nd6 {[%emt 0:02:01]} 23. Bxg7 {[%emt 0:03:47]} Kxg7 {[%emt 0:00:02]} 24. Qf4 {[%emt 0:00:11]} Qe6 {[%emt 0:04:20]} 25. Nhf1 {[%emt 0:00:54]} Ne7 {[%emt 0:10:17]} 26. Ne3 {[%emt 0:00:18]} a5 {[%emt 0:00:28]} 27. Qf3 {[%emt 0:02:42]} Kh6 {[%emt 0:04:38]} 28. Ne2 {[%emt 0:02:17]} g5 {[%emt 0:00:15]} 29. Ng3 {[%emt 0:02:02]} b4 {[%emt 0:01:52]} 30. Kf1 {[%emt 0:03:29]} bxc3 {[%emt 0:01:13]} 31. bxc3 {[%emt 0:00:04]} g4 {[%emt 0:03:11]} 32. Qf4+ {[%emt 0:00:13]} Kg7 {[%emt 0:00:01]} 33. Qxd6 {[%emt 0:00:23]} Qxd6 {[%emt 0:00:48]} 34. Ngf5+ {[%emt 0:00:03]} 1-0

[Event "EIWCC 2017"]
[Site "Riga"]
[Date "2017.04.15"]
[Round "5"]
[White "Zimina, Olga"]
[Black "Dzagnidze, Nana"]
[Result "1/2-1/2"]
[WhiteElo "2395"]
[BlackElo "2528"]
[Annotator "TA"]
[PlyCount "99"]
[EventDate "2017.??.??"]
[EventType "swiss"]
[EventCountry "LAT"]
[SourceTitle "playchess.com"]
[Source "ChessBase"]
[SourceQuality "1"]

{[%evp 17,99,13,6,9,9,21,21,0,0,-12,-5,-8,12,10,10,10,13,14,45,30,30,24,21,22,29,28,34,29,46,8,8,8,8,8,8,8,8,8,8,8,8,8,8,8,8,8,9,9,20,8,17,8,8,8,13,0,0,0,0,0,0,0,0,0,0,0,0,0,8,8,8,8,8,8,8,0,0,0,0,0,0,0,8,-29988]} 1. Nf3 c5 2. c4 Nc6 3. Nc3 g6 4. e3 Nf6 5. d4 cxd4 6. exd4 d5 7. cxd5 Nxd5 8. Qb3 e6 9. Bb5 Bg7 10. O-O {A35: Symmetrical English: 2 Nc3 Nc6 3 Nf3} O-O 11. Bxc6 bxc6 12. Ne4 (12. Na4 Qd6 13. Re1 Rb8 14. Qd1 Ne7 15. Bd2 Nf5 16. Bc3 Rd8 17. Re4 Rb5 {½-½ (31) Aronian,L (2792)-So,W (2770) Paris 2016}) 12... Qb6 13. Be3 $146 (13. Rd1 Ba6 14. Ne5 Rad8 15. Be3 Nxe3 16. fxe3 c5 17. Nxc5 Bxe5 18. Qxb6 axb6 19. Nxa6 {½-½ (48) Sargissian,G (2668)-Sutovsky,E (2623) Tsaghkadzor 2015}) 13... Rb8 14. Nc5 Nxe3 (14... Qc7 $5 {seems wilder.} 15. Qa3 Nxe3 16. fxe3 e5 17. dxe5 Bxe5 18. Nxe5 Qxe5 19. Rf2 Rd8) 15. fxe3 e5 16. Nxe5 Bxe5 17. dxe5 Bf5 (17... Qxb3 $5 {feels hotter.} 18. axb3 Rb5 19. Rac1 Re8 20. Rf6 Rb6) 18. Qxb6 (18. Rac1 $5 {with more complications.} Qa5 19. Qa3 Qxa3 20. bxa3 Bc8 21. Rf6) 18... axb6 19. Rxf5 bxc5 $14 {[%mdl 4096] Endgame KRR-KRR} 20. Rf2 Rfe8 21. Rc1 Rxe5 22. Rc3 c4 23. Rfc2 Ra5 {The position is equal.} 24. a3 Rab5 25. Rxc4 Rxb2 26. Rxc6 Rxc2 27. Rxc2 $11 {KR-KR} Rb3 28. Ra2 Rxe3 29. a4 Re6 30. a5 Ra6 31. Kf2 {Threatens to win with Ke3.} Kf8 32. Ke3 Ke7 33. Kd4 {aiming for Kc4.} Kd6 34. Kc4 {And now Kb5 would win.} Kc7 35. Kb5 Rf6 36. a6 {[%cal Ba5a6,Ba6a7][%mdl 32]} Rf5+ 37. Kc4 Kb8 38. a7+ Ka8 39. Kd4 Rh5 40. h3 Rf5 41. Ke4 h5 {[%cal Bh7h5,Bh5h4][%mdl 32]} 42. g3 h4 43. g4 Rf1 44. Ra3 f5+ 45. gxf5 Rxf5 46. Ra6 Rg5 47. Ra3 Rg1 (47... Rg3 48. Rxg3 hxg3 49. Kf3 g2 50. Kxg2 Kxa7 51. Kg3 Kb6 52. Kg4) 48. Kf4 g5+ 49. Kf5 Rg3 50. Ke4 $2 {[%mdl 40960] An unexpected result.} (50. Ra1 $11) 1/2-1/2

[Event "EIWCC 2017"]
[Site "Riga"]
[Date "2017.04.15"]
[Round "5"]
[White "Michna, Marta"]
[Black "Doluhanova, Evgeniya"]
[Result "1-0"]
[WhiteElo "2389"]
[BlackElo "2287"]
[Annotator "ChessBase"]
[PlyCount "127"]
[EventDate "2017.??.??"]
[EventType "swiss"]
[EventCountry "LAT"]
[SourceTitle "playchess.com"]
[Source "ChessBase"]
[SourceQuality "1"]
[TimeControl "40/5400+30:1800+30"]

1. e4 {[%emt 0:00:00]} c5 {[%emt 0:00:03]} 2. Nc3 {[%emt 0:00:02]} Nc6 {[%emt 0:00:59]} 3. g3 {[%emt 0:00:16]} g6 {[%emt 0:00:17]} 4. Bg2 {[%emt 0:00:16]} Bg7 {[%emt 0:00:04]} 5. d3 {[%emt 0:00:04]} d6 {[%emt 0:00:22]} 6. Nh3 {[%emt 0:02:36]} Nf6 {[%emt 0:00:34]} 7. O-O {[%emt 0:00:52]} O-O {[%emt 0:00:32]} 8. f4 {[%emt 0:00:36]} Nd4 {[%emt 0:02:27]} 9. Nf2 {[%emt 0:05:20]} Rb8 {[%emt 0:01:30]} 10. a4 {[%emt 0:06:19]} a6 {[%emt 0:03:01]} 11. Ne2 {[%emt 0:23:00]} Ne8 {[%emt 0:23:08]} 12. c3 {[%emt 0:00:52]} Nxe2+ {[%emt 0:04:53]} 13. Qxe2 {[%emt 0:00:02]} b5 {[%emt 0:00:15]} 14. g4 {[%emt 0:07:45]} Nc7 {[%emt 0:09:38]} 15. f5 {[%emt 0:15:00]} Bd7 {[%emt 0:15:43]} 16. axb5 {[%emt 0:03:46]} axb5 {[%emt 0:01:14]} 17. Nh3 {[%emt 0:01:50]} b4 {[%emt 0:03:33]} 18. c4 {[%emt 0:00:27]} Bc6 {[%emt 0:06:36]} 19. Qe1 {[%emt 0:06:43]} e6 {[%emt 0:09:42]} 20. f6 {[%emt 0:00:27]} Bxf6 {[%emt 0:00:58]} 21. Rxf6 {[%emt 0:00:03]} Qxf6 {[%emt 0:00:09]} 22. e5 {[%emt 0:00:49]} Qxe5 {[%emt 0:03:28]} 23. Qxe5 {[%emt 0:00:04]} dxe5 {[%emt 0:00:04]} 24. Bxc6 {[%emt 0:00:09]} Rb6 {[%emt 0:01:17]} 25. Bf3 {[%emt 0:05:17]} Rd8 {[%emt 0:03:26]} 26. Nf2 {[%emt 0:00:19]} Ra6 {[%emt 0:01:40]} 27. Rb1 {[%emt 0:00:19]} f5 {[%emt 0:00:49]} 28. Bg5 {[%emt 0:00:51]} Rd7 {[%emt 0:01:44]} 29. Bf6 {[%emt 0:00:50]} Ne8 {[%emt 0:03:57]} 30. Bxe5 {[%emt 0:00:08]} Nd6 {[%emt 0:00:41]} 31. Kg2 {[%emt 0:06:42]} Nf7 {[%emt 0:00:34]} 32. Bf6 {[%emt 0:00:06]} g5 {[%emt 0:01:59]} 33. Re1 {[%emt 0:02:24]} h6 {[%emt 0:00:37]} 34. Be5 {[%emt 0:04:20]} Kh7 {[%emt 0:00:16]} 35. gxf5 {[%emt 0:00:43]} exf5 {[%emt 0:00:04]} 36. Bd5 {[%emt 0:00:10]} Re7 {[%emt 0:01:14]} 37. Bxf7 {[%emt 0:00:45]} Rxf7 {[%emt 0:00:04]} 38. d4 {[%emt 0:00:01]} cxd4 {[%emt 0:00:16]} 39. Bxd4 {[%emt 0:00:01]} Rd7 {[%emt 0:00:33]} 40. Bc5 {[%emt 0:00:00]} b3 {[%emt 0:01:19]} 41. Ba3 {[%emt 0:07:47]} Ra4 {[%emt 0:10:36]} 42. Re5 {[%emt 0:14:26]} Rxc4 {[%emt 0:15:08]} 43. Rxf5 {[%emt 0:00:03]} Rd2 {[%emt 0:00:46]} 44. Kf3 {[%emt 0:08:25]} Rcc2 {[%emt 0:01:45]} 45. Ng4 {[%emt 0:00:53]} Kg6 {[%emt 0:04:14]} 46. Rf6+ {[%emt 0:00:11]} Kg7 {[%emt 0:00:11]} 47. Rxh6 {[%emt 0:05:43]} Rd4 {[%emt 0:01:02]} 48. Rb6 {[%emt 0:01:25]} Rf4+ {[%emt 0:00:04]} 49. Kg3 {[%emt 0:00:04]} Rc1 {[%emt 0:00:11]} 50. h3 {[%emt 0:01:59]} Rg1+ {[%emt 0:00:30]} 51. Kh2 {[%emt 0:00:03]} Rff1 {[%emt 0:00:11]} 52. Bc5 {[%emt 0:00:10]} Rh1+ {[%emt 0:00:08]} 53. Kg2 {[%emt 0:00:02]} Rb1 {[%emt 0:01:56]} 54. Bd4+ {[%emt 0:00:59]} Kf7 {[%emt 0:00:11]} 55. Rxb3 {[%emt 0:00:36]} Rhd1 {[%emt 0:00:06]} 56. Be3 {[%emt 0:00:26]} Re1 {[%emt 0:00:26]} 57. Bd4 {[%emt 0:01:04]} Red1 {[%emt 0:00:22]} 58. Rb4 {[%emt 0:00:37]} Rd2+ {[%emt 0:00:38]} 59. Nf2 {[%emt 0:00:08]} Kg6 {[%emt 0:00:15]} 60. Bc3 {[%emt 0:00:24]} Rc2 {[%emt 0:00:13]} 61. Ra4 {[%emt 0:00:34]} Kh5 {[%emt 0:00:29]} 62. Ra5 {[%emt 0:00:50]} Kg6 {[%emt 0:00:50]} 63. Ra6+ {[%emt 0:00:04]} Kh5 {[%emt 0:00:21]} 64. Bg7 {[%emt 0:00:22]} 1-0

[Event "EIWCC 2017"]
[Site "Riga"]
[Date "2017.04.15"]
[Round "5"]
[White "Ovod, Evgenija"]
[Black "Hoang, Thanh Trang"]
[Result "1/2-1/2"]
[WhiteElo "2382"]
[BlackElo "2459"]
[Annotator "TA"]
[PlyCount "48"]
[EventDate "2017.??.??"]
[EventType "swiss"]
[EventCountry "LAT"]
[SourceTitle "playchess.com"]
[Source "ChessBase"]
[SourceQuality "1"]

{[%evp 17,48,43,50,36,60,45,55,52,61,38,43,-9,18,11,10,-16,0,-3,0,-6,37,35,28,15,28,39,71,69,77,59,66,67,45]} 1. Nf3 e6 2. c4 f5 3. g3 Nf6 4. Bg2 d5 5. O-O c6 6. d3 Be7 7. b3 O-O 8. Bb2 a5 9. a3 {A10: English Opening: Unusual Replies for Black} (9. Nc3 Na6 10. e3 Nc5 11. Qc2 Bd7 12. Ne5 Be8 13. Ne2 Nfd7 14. Rad1 Bh5 15. Nxd7 Qxd7 16. f3 Na6 {1-0 (47) Jakovenko,D (2732)-Sandipan,C (2583) Gibraltar 2016}) 9... Na6 {[%cal Bb8a6,Ba6c5,Bc5b3][%mdl 32] LiveBook: 10 Games} 10. Nbd2 Nc5 11. Qc2 Bd7 12. Bc3 b5 13. Ne5 $146 (13. cxb5 cxb5 14. Rfc1 Rc8 15. Qb2 Qb6 16. Bd4 Qa6 {1-0 (35) Wojtkiewicz,A (2570)-Boe Olsen,M (2345) Hamburg 1995}) 13... Be8 14. Ndf3 ({White should play} 14. cxb5 $14 cxb5 15. Bd4) 14... a4 $11 15. b4 Nb3 16. Rad1 c5 17. Nd2 $1 Nxd2 18. Qxd2 Rc8 19. bxc5 Bxc5 20. cxb5 Bxb5 21. Rb1 Ba6 22. Bb4 Nd7 23. Nxd7 Qxd7 24. Rfc1 Bxb4 1/2-1/2

[Event "EIWCC 2017"]
[Site "Riga"]
[Date "2017.04.15"]
[Round "5"]
[White "Papp, Petra"]
[Black "Sandu, Mihaela"]
[Result "0-1"]
[WhiteElo "2378"]
[BlackElo "2261"]
[Annotator "NA"]
[PlyCount "80"]
[EventDate "2017.??.??"]
[EventType "swiss"]
[EventCountry "LAT"]
[SourceTitle "playchess.com"]
[Source "ChessBase"]
[SourceQuality "1"]
[TimeControl "40/5400+30:1800+30"]

1. e4 {[%emt 0:00:00]} c5 {[%emt 0:00:15]} 2. Nf3 {[%emt 0:00:00]} e6 {[%emt 0:00:16]} 3. d4 {[%emt 0:00:00]} cxd4 {[%emt 0:00:03]} 4. Nxd4 {[%emt 0:00:08]} a6 {[%emt 0:00:21]} 5. c4 {[%emt 0:00:35]} Nf6 {[%emt 0:00:42]} 6. Nc3 {[%emt 0:00:13]} Qc7 {[%emt 0:00:08]} 7. Be2 {[%emt 0:02:35]} Bb4 {[%emt 0:04:48]} 8. Nc2 {[%emt 0:01:40]} Be7 {[%emt 0:01:32]} 9. O-O {[%emt 0:02:08]} O-O {[%emt 0:06:34]} 10. f4 {[%emt 0:01:36]} d6 {[%emt 0:02:26]} 11. Qd3 {[%emt 0:06:11]} Bd7 {[%emt 0:08:15]} 12. Bf3 {[%emt 0:16:19]} Bc6 {[%emt 0:17:39]} 13. b4 {[%emt 0:09:43]} Nbd7 {[%emt 0:06:42]} 14. Bb2 {[%emt 0:04:35]} Rac8 {[%emt 0:09:14]} 15. Rac1 {[%emt 0:02:00]} b6 {[%emt 0:06:31]} 16. g3 {[%emt 0:04:31]} Rfe8 {[%emt 0:01:44]} 17. a3 {[%emt 0:00:18]} Bf8 {[%emt 0:01:31]} 18. Bg2 {[%emt 0:02:04]} Qb8 {[%emt 0:00:48]} 19. Rfd1 {[%emt 0:12:41]} Ba8 {[%emt 0:03:15]} 20. Qe2 {[%emt 0:01:59]} b5 {[%emt 0:08:12]} 21. cxb5 {[%emt 0:05:54]} axb5 {[%emt 0:00:18]} 22. g4 {[%emt 0:04:44]} g6 {[%emt 0:03:01]} 23. Rd3 {[%emt 0:04:53]} Nb6 {[%emt 0:03:42]} 24. Ne3 {[%emt 0:02:46]} Nc4 {[%emt 0:02:11]} 25. Nxc4 {[%emt 0:00:34]} Rxc4 {[%emt 0:00:08]} 26. Rcd1 {[%emt 0:01:36]} Qb6+ {[%emt 0:04:15]} 27. Kh1 {[%emt 0:00:49]} Rec8 {[%emt 0:01:18]} 28. Ba1 {[%emt 0:03:11]} Be7 {[%emt 0:00:37]} 29. Rh3 {[%emt 0:01:20]} d5 {[%emt 0:02:22]} 30. e5 {[%emt 0:03:52]} Ne4 {[%emt 0:00:12]} 31. Nxe4 {[%emt 0:02:39]} dxe4 {[%emt 0:00:07]} 32. Qe3 {[%emt 0:01:53]} Qc7 {[%emt 0:02:14]} 33. Bb2 {[%emt 0:00:58]} Rd8 {[%emt 0:01:16]} 34. Rb1 {[%emt 0:02:01]} Rc2 {[%emt 0:01:08]} 35. f5 {[%emt 0:00:33]} Rd3 {[%emt 0:00:19]} 36. Qe1 {[%emt 0:00:30]} Rxh3 {[%emt 0:00:16]} 37. f6 {[%emt 0:00:29]} Bxf6 {[%emt 0:01:08]} 38. Qf1 {[%emt 0:00:29]} Bxe5 {[%emt 0:00:40]} 39. Bxe5 {[%emt 0:00:30]} Qxe5 {[%emt 0:00:16]} 40. Qg1 {[%emt 0:00:00]} e3 {[%emt 0:00:48]} 0-1

[Event "EIWCC 2017"]
[Site "Riga"]
[Date "2017.04.15"]
[Round "5"]
[White "Savina, Anastasia"]
[Black "Zhukova, Natalia"]
[Result "0-1"]
[WhiteElo "2378"]
[BlackElo "2438"]
[Annotator "TA"]
[PlyCount "120"]
[EventDate "2017.??.??"]
[EventType "swiss"]
[EventCountry "LAT"]
[SourceTitle "playchess.com"]
[Source "ChessBase"]
[SourceQuality "1"]

{[%evp 9,120,29,33,29,22,-33,-25,-28,-24,-33,29,12,5,-117,-97,-93,-64,-77,-47,-52,-31,-50,-31,-35,-16,-20,-20,-65,-47,-53,-57,-52,-51,-60,-58,-67,-56,-106,-97,-166,-139,-135,-142,-138,-137,-151,-153,-169,-170,-164,-159,-160,-151,-306,-145,-141,-141,-244,-202,-233,-196,-199,-203,-181,-52,-46,-37,-271,-267,-323,-320,-320,-302,-295,-301,-264,-174,-417,-370,-320,-253,-441,-391,-616,-612,-674,-656,-1043,-1044,-763,-732,-1830,-1697,-29957,-1808,-29968,-29970,-29961,-6713,-29970,-29970,-29970,-29971,-29971,-29972,-29972,-29972,-29971,-29966,-29971,-29973,-29976,-29977]} 1. d4 e6 2. Nf3 Nf6 3. Bg5 d5 4. c4 Nbd7 5. Nc3 h6 6. Bf4 {D51: Queen's Gambit Declined: 4 Bg5 Nbd7 sidelines} (6. Bh4 Be7 7. Qc2 c5 8. cxd5 Nxd5 9. Bxe7 Qxe7 10. Nxd5 exd5 11. dxc5 Nxc5 12. e3 O-O 13. Be2 Bg4 14. O-O Rac8 15. Rac1 Qf6 16. Qc3 Qxc3 17. Rxc3 Ne4 18. Rcc1 Rfd8 19. Rfd1 Kf8 20. Kf1 Ke7 {½-½ (49) Tomashevsky,E (2731)-Anand,V (2776) Moscow 2016}) 6... dxc4 7. e4 ({White should try} 7. e3 $11) 7... Bb4 $15 8. Nd2 $146 {Black has an edge.} (8. Qc2 b5 9. a4 c6 10. Be2 Bb7 11. O-O a6 12. Na2 Be7 13. Ne5 {0-1 (41) Pribylova,S (1487)-Coman,E (1666) Budva 2013}) 8... O-O 9. Qc2 e5 ({Better is} 9... c5 $15 10. Bd6 b5) 10. dxe5 $11 Nh5 11. Bg3 ({Don't play} 11. g3 Nxf4 12. gxf4 Qh4 $15) (11. Be3 $1 $11 {keeps the balance.}) 11... Nxg3 12. hxg3 Nxe5 {White must now prevent ...Bc5.} 13. Nxc4 Ng4 14. Be2 Be6 15. O-O Bxc4 16. Bxc4 c6 (16... Qg5 $5 17. Be2 $8 Nf6 $11) 17. Be2 Qg5 18. Qc1 {[#] Strongly threatening Qxg5.} Qh5 {[%csl Gg4][%cal Rh5h2]} 19. Bxg4 $1 Qxg4 20. Qf4 Qe6 21. a3 Bc5 22. Rac1 Bd4 23. Qc7 Qb3 24. Ne2 (24. Qd6 $17 Rad8 25. Qb4 Qxb4 26. axb4) 24... Bb6 ({Inferior is} 24... Qxb2 25. Nxd4 Qxd4 26. Qxb7 $11) 25. Qe5 Rfe8 $36 {[%mdl 2048] Black is in control.} 26. Qc3 Qe6 27. Nf4 Qxe4 28. Rcd1 Rad8 29. Rfe1 {Threatens to win with Rxd8.} Rxd1 30. Rxd1 Qf5 31. Rd3 $2 (31. b4 $17 {is a better defense.}) 31... Qe5 (31... g5 $19 32. Nh3 Re2) 32. Qxe5 $17 Rxe5 {[%mdl 4096] Endgame KRB-KRN} 33. Rd7 (33. Kf1 $17 {was worth a try.}) 33... Re1+ $19 34. Kh2 Bxf2 {Hoping for ...Re3.} 35. Rxb7 g6 {And now ...Re3 would win.} 36. Nd3 Bxg3+ (36... Bg1+ $19 37. Kh3 Re3) 37. Kxg3 {KRN-KR} Re3+ 38. Kh2 $2 ({White must play} 38. Kf2 $1 $15 Rxd3 39. Ke2) 38... Rxd3 39. Rxa7 {[#] KR-KR} Rb3 $1 40. Rc7 Rxb2 41. Rxc6 Ra2 42. Ra6 Kg7 43. Kg3 $2 (43. Kh1 {keeps fighting.}) 43... h5 44. Ra5 Kh6 45. Ra7 $2 (45. Kh3) 45... f5 46. Ra6 (46. Kf3 $142 h4 47. Ra6) 46... Rc2 47. a4 Ra2 48. a5 Kg5 49. Ra8 Ra3+ 50. Kh2 Kg4 51. a6 g5 (51... f4 $142 52. Ra7 Ra2 53. Ra8 g5 54. Rd8 Rxa6 55. Rd3 Re6 56. Rc3 h4 57. Rb3 Re3 58. Rb4 h3 59. gxh3+ Rxh3+ 60. Kg2 Rg3+ 61. Kf2 Rf3+ 62. Kg2 Rg3+ 63. Kf2 Rh3 64. Kg1 Kg3 65. Rb2 f3 66. Rg2+ Kf4 67. Rd2 Rh6 68. Rc2 g4 69. Rb2 Ra6 70. Rb1 Ra2 71. Kf1 Kg3 72. Kg1 Rg2+ 73. Kf1 Rh2 74. Ke1 Rh1+ 75. Kd2 Rxb1 76. Kc2 Rb5 77. Kd2 f2 78. Kc3 f1=Q 79. Kd4 Kf4 80. Kc3 Qc1+ 81. Kd4 Rc5 82. Kd3 Qe3#) 52. Ra7 h4 53. Ra8 Ra2 (53... Ra4 $142 54. Ra7 Ra2 55. Rh7 Rxa6 56. Re7 f4 57. Rb7 Ra3 58. Rb2 h3 59. Re2 hxg2 60. Re1 f3 61. Rd1 Ra6 62. Rd4+ Kf5 63. Rd1 Kf4 64. Rd4+ Ke3 65. Rd1 Rh6+ 66. Kg3 Rh1 67. Kg4 Rxd1 68. Kh5 Rd6 69. Kg4 g1=Q+ 70. Kh5 Qh2+ 71. Kxg5 Rh6 72. Kg4 Qf4#) 54. a7 Ra1 {Black mates.} 55. Rb8 Rxa7 56. Rb4+ f4 57. Rb3 Ra1 58. Rc3 Re1 59. Ra3 Re3 60. Ra5 h3 0-1

[Event "EIWCC 2017"]
[Site "Riga"]
[Date "2017.04.15"]
[Round "5"]
[White "Kovanova, Baira"]
[Black "Unuk, Laura"]
[Result "1-0"]
[WhiteElo "2376"]
[BlackElo "2275"]
[Annotator "NA"]
[PlyCount "69"]
[EventDate "2017.??.??"]
[EventType "swiss"]
[EventCountry "LAT"]
[SourceTitle "playchess.com"]
[Source "ChessBase"]
[SourceQuality "1"]
[TimeControl "40/5400+30:1800+30"]

1. c4 {[%emt 0:00:00]} Nf6 {[%emt 0:00:41]} 2. Nc3 {[%emt 0:00:00]} e6 {[%emt 0:09:15]} 3. Nf3 {[%emt 0:00:28]} d5 {[%emt 0:00:21]} 4. d4 {[%emt 0:00:35]} Be7 {[%emt 0:00:24]} 5. Bf4 {[%emt 0:00:08]} O-O {[%emt 0:00:52]} 6. e3 {[%emt 0:00:05]} c5 {[%emt 0:00:10]} 7. dxc5 {[%emt 0:00:22]} Bxc5 {[%emt 0:00:08]} 8. Qc2 {[%emt 0:00:19]} Nc6 {[%emt 0:01:29]} 9. a3 {[%emt 0:00:06]} Qa5 {[%emt 0:00:29]} 10. Be2 {[%emt 0:00:35]} dxc4 {[%emt 0:31:49]} 11. Bxc4 {[%emt 0:00:13]} a6 {[%emt 0:00:38]} 12. O-O {[%emt 0:01:14]} Be7 {[%emt 0:00:34]} 13. b4 {[%emt 0:05:03]} Qh5 {[%emt 0:01:02]} 14. Be2 $16 {[%emt 0:13:47]} Qg6 {[%emt 0:05:11]} 15. Bd3 {[%emt 0:01:02]} Qh5 {[%emt 0:02:01]} 16. Ne2 {[%emt 0:03:38]} Bxb4 {[%emt 0:17:52]} 17. axb4 {[%emt 0:01:20]} Nxb4 {[%emt 0:00:17]} 18. Qb3 {[%emt 0:00:32]} Nxd3 {[%emt 0:00:52]} 19. Qxd3 {[%emt 0:00:03]} b5 {[%emt 0:00:19]} 20. Ng3 {[%emt 0:05:54]} Qd5 {[%emt 0:00:20]} 21. Qa3 {[%emt 0:03:43]} a5 {[%emt 0:02:32]} 22. Rfd1 {[%emt 0:02:50]} Qb7 {[%emt 0:00:37]} 23. Qc5 {[%emt 0:03:07]} Bd7 {[%emt 0:02:36]} 24. Be5 {[%emt 0:08:43]} Rfc8 {[%emt 0:02:41]} 25. Qd4 {[%emt 0:01:20]} Rc4 {[%emt 0:00:53]} 26. Qd2 {[%emt 0:01:17]} Bc6 {[%emt 0:02:44]} 27. Rxa5 {[%emt 0:03:52]} Nd7 {[%emt 0:03:13]} 28. Rxa8+ {[%emt 0:01:17]} Qxa8 {[%emt 0:00:04]} 29. e4 {[%emt 0:02:03]} f6 {[%emt 0:01:17]} 30. Bb2 {[%emt 0:01:09]} Nc5 {[%emt 0:00:58]} 31. Qd6 {[%emt 0:01:19]} Bxe4 {[%emt 0:01:53]} 32. Nxe4 {[%emt 0:01:13]} Qxe4 {[%emt 0:00:18]} 33. Nd2 {[%emt 0:01:45]} Qe2 {[%emt 0:01:43]} 34. Nxc4 {[%emt 0:00:12]} Ne4 {[%emt 0:00:45]} 35. Qxe6+ {[%emt 0:00:14]} 1-0